| 000 | 01851nam0a2200373 4500 | ||
|---|---|---|---|
| 001 | RU\NLR\BIBL_A\022620987 | ||
| 005 | 20251218155819.0 | ||
| 010 |
_a978-5-9775-2065-2 _92500 |
||
| 021 |
_aRU _bКН-П-25-043487 _9КН-П-25-4232 |
||
| 035 | _a(NLR Aleph) 022620987 | ||
| 090 |
_a13506454 _c13506454 |
||
| 100 | _a20250912d2025 c y0rusy50 ca | ||
| 101 | 1 |
_arus _cswe |
|
| 102 | _aRU | ||
| 105 | _aa z 000ay | ||
| 181 | 0 |
_ai3 _baxxe |
|
| 181 | 0 |
_ab2 _bxb2e |
|
| 182 | 0 | _an | |
| 200 | 1 |
_aЖемчужина Адальмины _eфинские сказки _e[для младшего школьного возраста] _fСакариас Топелиус _gперевод со шведского Людмилы Брауде _gхудожник: Светлана Владимирова |
|
| 203 |
_aТекст _aИзображение _bвизуальные _cнепосредственные |
||
| 210 |
_aСанкт-Петербург _cБХВ-Петербург _d2025 |
||
| 215 |
_a76, [3] с. _cцв. ил. _d29 |
||
| 225 | 1 | _aСказки дальних стран | |
| 327 | 1 | _aСодерж.: Следы Унды Марины; Серебряная чаша Унды Марины; Сампо-Лопарёнок: лапландская сказка; Жемчужина Адальмины; Как портной пришил Финляндию к Швеции | |
| 333 | _a6+ | ||
| 686 | 0 | _aШ9(4Фн)60-4 | |
| 700 | 1 |
_aТопелиус _bЗ. _cписатель, поэт _f1818-1898 _gЗахариас _3RU\NLR\AUTH\7712967 |
|
| 702 | 1 |
_aВладимирова _bС. _cхудожник-иллюстратор _gСветлана _3RU\NLR\AUTH\770287978 _4040 |
|
| 942 | _cBOOK | ||
| 980 | _aNB | ||